Sports Quiz

Random Sports or MLB Quiz

MLB: 300+ HR Before 30 Quiz Stats

 Plays Quiz Updated Nov 26, 2018

Challenge
Share
Tweet
Embed
Score 0/15 Timer 04:00
2 Plays Today
Seasons Player % Correct
1994-2005Alex Rodriguez
89.7%
1989-1999Ken Griffey, Jr.
84%
2001-2009Albert Pujols
83.3%
1951-1961Mickey Mantle
82.2%
1954-1963Hank Aaron
76.2%
1925-1937Jimmie Foxx
62.3%
2003-2013Miguel Cabrera
51.1%
1926-1938Mel Ott
47%
Seasons Player % Correct
1954-1966Harmon Killebrew
43.6%
1996-2007Andruw Jones
43.6%
1956-1965Frank Robinson
43.3%
2010-presentGiancarlo Stanton
42.7%
1989-1999Juan Gonzalez
32.5%
1952-1961Eddie Mathews
31.1%
2001-2009Adam Dunn
25.2%

You're not logged in!

Compare scores with friends on all Sporcle quizzes.
OR
Log In

You Might Also Like...

Show Comments

Extras

Top Quizzes Today


Score Distribution

Your Account Isn't Verified!

In order to create a playlist on Sporcle, you need to verify the email address you used during registration. Go to your Sporcle Settings to finish the process.

Report this User

Report this user for behavior that violates our Community Guidelines.

Details: